000 00671nam a2200253Ia 4500
003 OSt
005 20220924114802.0
006 a|||||r|||| 00| 0
007 ta
008 220923b |||||||| |||| 00| 0 ara d
020 _c70.00
024 _a335582
037 _cTextual
040 _aARTS
_cARTS
_bara
041 _2ara
_aara
082 _aO28:g, L3
100 _aManzoor Muhammad Au.
_9175362
245 0 _aAl-naqd-al-minhaji indal Arab
260 _aCairo
_bDar-al-nahzata Egypt
_c1973
300 _a484p.
_ccm.
650 _aARABIC LITERATURE
942 _hO28:g, L3
_cTEXL
_2CC
999 _c395270
_d395270